Pokémon por descrição (mega) - Statistics

Estatísticas Gerais
  • Esse quiz foi jogado 44 vezes
  • A pontuação média é 6 de 15
Estatísticas das Respostas
Hint Resposta % Correto
Uma nuvem altaria
76%
Sai da minha sombra Pokémon roxo intangível gengar
76%
Mew?? mewtwo x
56%
Nasceu para ser um dragão mas AINDA não é desta vez,talvez se o teu treinador tivesse feito outra escolha charizard y
47%
E, ........, oh ok. Pelos vistos é mais um corpo SUS este parece que ganhou uns quilinhos a maisou que comprou um vestido mais volumoso gardevoir
47%
O corpo dele é mais quente do que a lava, ele é capaz de projetar ataques de lava pelo seu corpo camerupt
41%
Um galante, e mestre das espadas, a sua mestria e pleno controle da espada sagrada são de admirar gallade
38%
Aquele que é inútil, nem a MEDITAR é bom medicham
38%
Para mim uma cadela/cão de princesa EMO absol
35%
Oh não, ele está de volta… o mano lento persegue novamente esta série de quizzes! slowbro
32%
Big Man blastoise
26%
Eu sou a velocidade Boost de velocidade blaziken
26%
As lâminas da sua mão se tornam mais afiadascapazes de cortar o aço mais duro scizor
26%
Um corpo muito SUS tanto na sua forma normal como na mega lopunny
18%
Cross, cross, cross. É o som que ele faz quando balança os 4 braços metagross
18%
Nenhum quiz correspondente encontrado
Distribuição das Pontuações
Porcentagem de Pessoas com Cada Pontuação
Percentil de Números Respondidos
Sua Pontuação Histórica
Você não jogou esse quiz